Révélez les drapeaux de départements français - Statistiques

Statistiques générales
  • Ce quiz a été pris 1 538 fois
  • Le résultat moyen est 2 sur 16
Réponses sur la Carte
Les réponses sont colorées sur une échelle allant du rouge au vert en fonction du pourcentage des utilisateurs qui les ont devinées à leur premier essai. Vous pouvez retrouver ces pourcentages ci-dessous.
 
Statistiques - réponses
Réponse % Correct
La Réunion
96%
Pyrénées-Orientales
24%
Savoie
23%
Martinique
21%
Hérault
12%
Bas-Rhin
9%
Loire
8%
Isère
7%
Tarn
7%
Haut-Rhin
6%
Loiret
5%
Var
3%
Yvelines
3%
Marne
2%
Nièvre
2%
Charente
1%
Aucun quiz correspondant
Distribution des résultats
% des personnes avec chaque résultat
Percentile par nombre de réponses
Votre historique - résultats
Vous n’avez pas pris ce quiz